header

The politics of change (Record no. 123028)

MARC details
000 -LEADER
fixed length control field 01359nam a2200373 a 4500
082 04 - DEWEY DECIMAL CLASSIFICATION NUMBER
Classification number 303.4
245 04 - TITLE STATEMENT
Title The politics of change
260 ## - PUBLICATION, DISTRIBUTION, ETC. (IMPRINT)
Place of publication Basingstoke, Hampshire :
Name of publisher Palgrave,
Year of publication 2000.
300 ## - PHYSICAL DESCRIPTION
Number of Pages vii, 212 p.
650 #0 - SUBJECT ADDED ENTRY--TOPICAL TERM
Topical Term Social change.
Topical Term Globalization.
Topical Term Socialism.
700 1# - ADDED ENTRY--PERSONAL NAME
Personal name Bonefeld, Werner,
Personal name Psychopedis, Kosmas.
856 40 - ELECTRONIC LOCATION AND ACCESS
Uniform Resource Identifier http://site.ebrary.com/lib/rucke/Doc?id=2004501

No items available.

© 2026 Rongo University
Contact us: librarian | system librarian | Rongo university